000 00696nam a22002057a 4500
005 20131217143120.0
010 _aENG-108850
020 _a9789381176856
_c1150.00
035 _aEN-92383
037 _bDBAD/PUB
082 _a305.40954133
100 _aBarik, Vandana
245 _aWomen's education and fertility /
_cby Vandana Barik [and] Pabitra Mohan Nayak
260 _aNew Delhi
_bSSDN Publishers and Distributors
_c2014
270 _a5A, Sahni Mansion, Ansari Road Daryaganj
_bNew Delhi
_e110002
300 _axii,301p.
_c22cm(Hb)
500 _aIncludes bibliographical references and index
700 _aNayak, Pabitra Mohan
942 _2ddc
_cEN
_mBAR
_h305.40954133
999 _c81199
_d81199